=LDR 00000nam 2200000 4500 =001 INLIS000000000031608 =005 20130612133654 =008 ***********************************ind** =035 ##$$0010-061300000031608 =041 ##$$a ind =082 ##$$a F Rom K =090 ##$$a F Rom K, Mah, p =100 ##$$a MAHARANI =245 ##$$a Priki Got Itchy , Maharani;Editor,M.Usman =260 ##$$a 21 cm $b Jakarta =300 ##$$a 24 hlm., Illus. , 21 cm =650 ##$$a FIKSI KANAK-KANAK =700 ##$$a IHSAN, M =850 ##$$a NBPNMAT =990 ##$$a 77357735 =990 ##$$a 20903654